000 00824nas a2200277 4500
001 BR0802809
003 BR-BrBNA
005 20231205112100.0
007 ta
008 230509b bl.|||p| |||| 00| 00por d
040 _aBR-BrBNA
_bpor
_cBiblioteca Nacional de Agricultura
041 _a(En)
072 _aL60
100 1 _aAngulo, A.O.
100 1 _aCamargo, A.
100 1 _aAngulo, G.A.
245 1 _aFrom freeze with moths : First discovery of a habitat in Andean salars for noctuid moths
650 _aINSETO
650 _aECOLOGIA ANIMAL
650 _aDISTRIBUIÇÃO GEOGRÁFICA
650 _aCHILE
650 _aHABITAT
773 0 _tNeotropical Entomology (Brazil)
_xISSN 1519-566X
_g(Jul-Aug 2006), v. 35(4) p. 556-557
_wBR0802809
909 _a202311
_bLúcia
_c55
_dLúcia Elande
942 _2AGRIS
_n0
_cANA
999 _c196001
_d196001